=LDR 00000nam 2200000 4500 =001 INLIS000000000036367 =005 20130612142146 =008 ***********************************Ind** =035 ##$$0010-061300000036367 =041 ##$$a Ind =082 ##$$a 615.32 =090 ##$$a 615.32, Jus h =100 ##$$a Justina, Sinshe =245 ##$$a Justina, Sinshe =260 ##$$a Sinshe Justina $b Herba sinshe =300 ##$$a 207 hlm, ilus, 21 cm =650 ##$$a Herbal-Penggunaan terapi =700 ##$$a Indrajaya, Cinderella Sisilia =850 ##$$a NBPNMAT